[Event "16. Obert Int. Sant Martí 2014 Grupo B"]
[Site "Barcelona ESP"]
[Date "2014.07.20"]
[Round "8.16"]
[White "Roig Ruiz, Carles"]
[Black "Delgado Camara, Luis Felix"]
[Result "0-1"]
[WhiteElo "1997"]
[BlackElo "2047"]
[PlyCount "98"]
[EventDate "2014.07.13"]
[EventType "swiss"]
[EventRounds "9"]
[EventCountry "ESP"]
[Source "lmi"]
[SourceDate "2014.07.13"]

1. d4 e6 2. c4 f5 3. Nc3 Nf6 4. Nf3 d5 5. g3 c6 6. Bg2 Bd6 7. Bg5 Nbd7 8. O-O
O-O 9. c5 Bc7 10. b4 Qe8 11. Bxf6 Rxf6 12. Qc2 e5 13. e3 e4 14. Nd2 Rh6 15.
Rfb1 Qh5 16. Nf1 Nf6 17. b5 f4 18. exf4 Bh3 19. bxc6 Bxg2 20. cxb7 Rb8 21. Kxg2
Qh3+ 22. Kg1 Bxf4 23. Nxd5 Nxd5 24. Qxe4 Nc3 25. Qf3 Bd2 26. c6 Rf6 27. c7 Rxb7
28. Rxb7 Rxf3 29. Rb8+ Rf8 30. Nxd2 h5 31. Nf3 Qd7 32. Ng5 Rc8 33. d5 Qxc7 34.
Rxc8+ Qxc8 35. Re1 Nxd5 36. Re5 Nf6 37. h4 Qc1+ 38. Kg2 Qc6+ 39. Kg1 Qd7 40.
Rc5 g6 41. a4 Ng4 42. a5 Nxf2 43. a6 Nh3+ 44. Kg2 Nxg5 45. Rxg5 Qc6+ 46. Kf2
Qxa6 47. Ke3 Kg7 48. Kf4 Qc4+ 49. Ke3 Qb4 0-1

[Event "16. Obert Int. Sant Martí 2014 Grupo B"]
[Site "Barcelona ESP"]
[Date "2014.07.20"]
[Round "8.17"]
[White "Sobrevia Castellar, Lluis"]
[Black "Petit Montes, Marc"]
[Result "0-1"]
[WhiteElo "1975"]
[BlackElo "2040"]
[PlyCount "86"]
[EventDate "2014.07.13"]
[EventType "swiss"]
[EventRounds "9"]
[EventCountry "ESP"]
[Source "lmi"]
[SourceDate "2014.07.13"]

1. d4 c6 2. c4 d5 3. e3 Nf6 4. Nc3 e6 5. Nf3 Nbd7 6. Be2 dxc4 7. Bxc4 Be7 8.
O-O O-O 9. Qe2 b5 10. Bb3 a6 11. Rd1 Bb7 12. e4 Qc7 13. Bg5 e5 14. dxe5 Nxe5
15. Nxe5 Qxe5 16. f4 Qc7 17. e5 Ne8 18. Bxe7 Qxe7 19. Qd3 Nc7 20. Qd7 Rfe8 21.
Rd6 c5 22. Rad1 c4 23. Bc2 b4 24. Na4 Nb5 25. Qxe7 Rxe7 26. Rd8+ Re8 27. Rxe8+
Rxe8 28. Nc5 Bc8 29. Ba4 c3 30. Rc1 Rd8 31. Bxb5 cxb2 32. Rb1 axb5 33. Rxb2 Rd4
34. g3 g5 35. Rf2 Bh3 36. Re2 gxf4 37. gxf4 Rxf4 38. Re1 Rc4 39. Na6 Rg4+ 40.
Kf2 Rg2+ 41. Kf3 Rxa2 42. Nxb4 Rxh2 43. Kg3 Rb2 0-1

[Event "16. Obert Int. Sant Martí 2014 Grupo B"]
[Site "Barcelona ESP"]
[Date "2014.07.20"]
[Round "8.18"]
[White "Jourde, Michel"]
[Black "Flores Liñan, Josep Luis"]
[Result "0-1"]
[WhiteElo "1805"]
[BlackElo "2016"]
[PlyCount "80"]
[EventDate "2014.07.13"]
[EventType "swiss"]
[EventRounds "9"]
[EventCountry "ESP"]
[Source "lmi"]
[SourceDate "2014.07.13"]

1. e4 c5 2. d4 cxd4 3. c3 Nf6 4. Bd3 Nc6 5. Nf3 d6 6. h3 dxc3 7. Nxc3 g6 8. O-O
Bg7 9. Qe2 O-O 10. Rd1 Nd7 11. Bc2 Nde5 12. Nxe5 Nxe5 13. f4 Nc6 14. e5 Qb6+
15. Be3 Qxb2 16. Na4 Qb4 17. Rab1 Qa5 18. exd6 exd6 19. Rxd6 Re8 20. Qf2 Bf5
21. Bxf5 gxf5 22. Nc5 Qc3 23. Rd3 Qc4 24. Rbd1 Rad8 25. Rxd8 Rxd8 26. Rxd8+
Nxd8 27. Qg3 Qd5 28. Nb3 b6 29. Qg5 Ne6 30. Qe7 Qe4 31. Qe8+ Bf8 32. Bd2 Qb1+
33. Nc1 Qc2 34. Be3 Qc4 35. g3 Qe4 36. Bf2 Qc2 37. Be3 Qd1+ 38. Kg2 Qe1 39. Nd3
Qe2+ 40. Kh1 Qxd3 0-1

[Event "16. Obert Int. Sant Martí 2014 Grupo B"]
[Site "Barcelona ESP"]
[Date "2014.07.20"]
[Round "8.19"]
[White "Lozano Diaz, Antoni"]
[Black "Peiron Lluch, Jose Daniel"]
[Result "1/2-1/2"]
[WhiteElo "2015"]
[BlackElo "1990"]
[PlyCount "91"]
[EventDate "2014.07.13"]
[EventType "swiss"]
[EventRounds "9"]
[EventCountry "ESP"]
[Source "lmi"]
[SourceDate "2014.07.13"]

1. d4 d5 2. c4 e5 3. dxe5 d4 4. a3 Nc6 5. e3 a5 6. Nf3 Bc5 7. exd4 Nxd4 8. Nxd4
Bxd4 9. Bd3 Bxe5 10. O-O Ne7 11. Qc2 Be6 12. Be4 c6 13. Qe2 Qc7 14. g3 O-O 15.
Be3 f5 16. Bg2 Bf7 17. Re1 Ng6 18. f4 Bf6 19. Qc2 Rfe8 20. Bf2 Rxe1+ 21. Bxe1
Qb6+ 22. Bf2 Qxb2 23. Qxb2 Bxb2 24. Ra2 Bf6 25. Rc2 Rd8 26. Nd2 Rd3 27. Ra2 Bc3
28. Be1 Bxd2 29. Rxd2 Bxc4 30. Rxd3 Bxd3 31. Bxa5 Ne7 32. Kf2 Kf7 33. Ke3 Ba6
34. Kd4 Ke6 35. Bd2 b6 36. h3 c5+ 37. Kc3 Nd5+ 38. Kc2 Nf6 39. Bc3 g6 40. Be5
Nd5 41. Kd2 c4 42. Bxd5+ Kxd5 43. g4 fxg4 44. hxg4 Bc8 45. g5 Bf5 46. Kc3
1/2-1/2

[Event "16. Obert Int. Sant Martí 2014 Grupo B"]
[Site "Barcelona ESP"]
[Date "2014.07.20"]
[Round "8.20"]
[White "Laszczak, Przemyslaw"]
[Black "Molina Hernandez, Albert"]
[Result "1-0"]
[WhiteElo "1610"]
[BlackElo "2004"]
[PlyCount "85"]
[EventDate "2014.07.13"]
[EventType "swiss"]
[EventRounds "9"]
[EventCountry "ESP"]
[Source "lmi"]
[SourceDate "2014.07.13"]

1. d4 Nf6 2. c4 c5 3. d5 b5 4. cxb5 a6 5. bxa6 g6 6. Nc3 Bxa6 7. e4 d6 8. Nf3
Bxf1 9. Kxf1 Nbd7 10. g3 Bg7 11. Kg2 O-O 12. a4 Qb6 13. Re1 Ne8 14. Qe2 Nc7 15.
Nd2 Rfb8 16. Ra3 Qa5 17. Nc4 Qa6 18. f4 Rb4 19. Nb5 Nxb5 20. axb5 Qb7 21. Bd2
Rxa3 22. bxa3 Rxb5 23. a4 Rb1 24. Rxb1 Qxb1 25. a5 Qb5 26. Kf2 Bd4+ 27. Be3 Bc3
28. Nb6 Qxe2+ 29. Kxe2 Nb8 30. Bd2 Bd4 31. Kd3 Na6 32. Kc4 Nc7 33. Nd7 f5 34.
e5 Kf7 35. e6+ Ke8 36. Nb8 Kd8 37. Nc6+ Ke8 38. Nxd4 cxd4 39. Kxd4 Kd8 40. Kc4
Kc8 41. Be3 h5 42. Bb6 Ne8 43. Kb5 1-0

[Event "16. Obert Int. Sant Martí 2014 Grupo B"]
[Site "Barcelona ESP"]
[Date "2014.07.20"]
[Round "8.21"]
[White "Salazar Navas, Josep"]
[Black "Andreu Termes, Frederic"]
[Result "0-1"]
[WhiteElo "1927"]
[BlackElo "2076"]
[PlyCount "52"]
[EventDate "2014.07.13"]
[EventType "swiss"]
[EventRounds "9"]
[EventCountry "ESP"]
[Source "lmi"]
[SourceDate "2014.07.13"]

1. e4 d6 2. d4 Nf6 3. Nc3 g6 4. Bc4 Bg7 5. Qe2 e6 6. Bg5 h6 7. Bh4 g5 8. Bg3 c6
9. e5 Nd5 10. Ne4 dxe5 11. dxe5 Nf4 12. Bxf4 gxf4 13. Nd6+ Kf8 14. O-O-O Nd7
15. Qh5 Qe7 16. Nf3 b5 17. Nd4 Nxe5 18. N4xb5 Nxc4 19. Nxf7 Qxf7 20. Rd8+ Ke7
21. Qc5+ Kxd8 22. Rd1+ Bd7 23. Qxc6 Rc8 24. Qb7 Bxb2+ 25. Kb1 Na3+ 26. Kxb2
Nxb5 0-1

[Event "16. Obert Int. Sant Martí 2014 Grupo B"]
[Site "Barcelona ESP"]
[Date "2014.07.20"]
[Round "8.22"]
[White "Pascual Gonzalez-Novelles, David"]
[Black "Catarineu Rabell, Manel"]
[Result "0-1"]
[WhiteElo "1855"]
[BlackElo "2071"]
[PlyCount "52"]
[EventDate "2014.07.13"]
[EventType "swiss"]
[EventRounds "9"]
[EventCountry "ESP"]
[Source "lmi"]
[SourceDate "2014.07.13"]

1. e4 c5 2. Nf3 d6 3. c4 Nc6 4. b3 Nf6 5. Bb2 Nxe4 6. Be2 e5 7. d3 Nf6 8. O-O
Be7 9. Nc3 O-O 10. Ne4 h6 11. Nfd2 Ne8 12. f4 f5 13. Nc3 Nf6 14. fxe5 dxe5 15.
Qc2 Nb4 16. Qc1 Nxd3 17. Bxd3 Qxd3 18. Nf3 Qd8 19. Nxe5 Qd4+ 20. Kh1 Qxe5 21.
Nd5 Qd6 22. Rd1 Nxd5 23. Rxd5 Qg6 24. Qf4 Be6 25. Rd3 Bf6 26. Bxf6 Qxf6 0-1

[Event "16. Obert Int. Sant Martí 2014 Grupo B"]
[Site "Barcelona ESP"]
[Date "2014.07.20"]
[Round "8.23"]
[White "Ji, Pablo"]
[Black "Fernandez Martin, Javier"]
[Result "1/2-1/2"]
[WhiteElo "1931"]
[BlackElo "2058"]
[PlyCount "75"]
[EventDate "2014.07.13"]
[EventType "swiss"]
[EventRounds "9"]
[EventCountry "ESP"]
[Source "lmi"]
[SourceDate "2014.07.13"]

1. e4 d5 2. exd5 Nf6 3. Nc3 Nxd5 4. Nf3 Bg4 5. Be2 e6 6. Nxd5 Qxd5 7. d4 Nc6 8.
c3 O-O-O 9. O-O e5 10. Nxe5 Bxe2 11. Qxe2 Nxe5 12. Qxe5 Qxe5 13. dxe5 Bc5 14.
Bf4 Rd3 15. Rad1 Rhd8 16. Rxd3 Rxd3 17. Rc1 Kd7 18. Kf1 Ke6 19. Ke2 Rd7 20. Bg3
g5 21. Rd1 Rxd1 22. Kxd1 Bf8 23. h4 h6 24. Ke2 Bg7 25. f4 gxf4 26. Bxf4 h5 27.
Kf3 Kf5 28. e6 fxe6 29. Bxc7 e5 30. Bd8 e4+ 31. Ke3 Bh6+ 32. Kf2 Kg4 33. g3 Bc1
34. b3 Ba3 35. b4 b5 36. Bc7 Bc1 37. Be5 Bh6 38. Ke2 1/2-1/2

[Event "16. Obert Int. Sant Martí 2014 Grupo B"]
[Site "Barcelona ESP"]
[Date "2014.07.20"]
[Round "8.24"]
[White "Cano Sevila, Ivan"]
[Black "Arroyo Morales, Jaime"]
[Result "1/2-1/2"]
[WhiteElo "2039"]
[BlackElo "1923"]
[PlyCount "82"]
[EventDate "2014.07.13"]
[EventType "swiss"]
[EventRounds "9"]
[EventCountry "ESP"]
[Source "lmi"]
[SourceDate "2014.07.13"]

1. f4 d5 2. Nf3 c5 3. e3 Bg4 4. Be2 Nf6 5. b3 e6 6. Bb2 Nbd7 7. d3 Rc8 8. Nbd2
Bxf3 9. Bxf3 b5 10. c4 bxc4 11. dxc4 Nb6 12. O-O Be7 13. cxd5 Nbxd5 14. Qe2 O-O
15. Rfd1 Qc7 16. Nc4 a6 17. Be5 Qa7 18. Rd2 Rfd8 19. Rad1 h6 20. e4 Nb6 21.
Bxf6 Bxf6 22. e5 Nxc4 23. Qxc4 Be7 24. g3 Rxd2 25. Rxd2 Rd8 26. Rxd8+ Bxd8 27.
Kg2 a5 28. Qb5 Kf8 29. h3 Qb6 30. Qd3 g6 31. Kf1 Ke7 32. Ke2 Qc7 33. Qc4 Qb6
34. g4 Qb4 35. Qd3 Qd4 36. Qxd4 cxd4 37. Kd3 Bb6 38. Bc6 f6 39. Ke4 fxe5 40.
Kxe5 d3 41. Bf3 Bc5 1/2-1/2

[Event "16. Obert Int. Sant Martí 2014 Grupo B"]
[Site "Barcelona ESP"]
[Date "2014.07.20"]
[Round "8.25"]
[White "Ayza Casamitjana, Antoni"]
[Black "Martinez Ferrer, Rafael"]
[Result "0-1"]
[WhiteElo "2017"]
[BlackElo "1931"]
[PlyCount "96"]
[EventDate "2014.07.13"]
[EventType "swiss"]
[EventRounds "9"]
[EventCountry "ESP"]
[Source "lmi"]
[SourceDate "2014.07.13"]

1. b3 Nf6 2. Bb2 d6 3. e3 e5 4. g3 Be7 5. Bg2 Nc6 6. Ne2 Bf5 7. O-O Rb8 8. a3
Qd7 9. f4 Bh3 10. d4 Bxg2 11. Kxg2 e4 12. d5 Nd8 13. c4 c6 14. Nbc3 Ng4 15. Qd2
Bf6 16. h3 Nh6 17. Nxe4 Bxb2 18. Qxb2 Nf5 19. Rf3 Qe7 20. N2c3 O-O 21. Re1 b5
22. Qc2 bxc4 23. bxc4 c5 24. Rf2 Re8 25. Rfe2 h5 26. Kf3 Nh6 27. Nf2 g5 28. e4
gxf4 29. gxf4 Qf6 30. Rg1+ Kf8 31. Rg5 h4 32. Ng4 Nxg4 33. hxg4 Nb7 34. Rh2 Na5
35. Rf5 Qd4 36. Rd2 Qg1 37. Ne2 Qf1+ 38. Ke3 Rb3+ 39. Rd3 Reb8 40. e5 Rxd3+ 41.
Kxd3 Rb3+ 42. Kd2 Rb2 43. Qxb2 Nxc4+ 44. Kc3 Nxb2 45. exd6 Qxe2 46. d7 Qe7 47.
Kxb2 Qxd7 48. Kc3 h3 0-1

[Event "16. Obert Int. Sant Martí 2014 Grupo B"]
[Site "Barcelona ESP"]
[Date "2014.07.20"]
[Round "8.26"]
[White "Pascual Gonzalez-Novelles, Carles"]
[Black "Mamontova, Anastasia"]
[Result "0-1"]
[WhiteElo "2010"]
[BlackElo "1858"]
[PlyCount "75"]
[EventDate "2014.07.13"]
[EventType "swiss"]
[EventRounds "9"]
[EventCountry "ESP"]
[Source "lmi"]
[SourceDate "2014.07.13"]

1. e4 c5 2. Nc3 Nc6 3. g3 g6 4. Bg2 Bg7 5. d3 d6 6. f4 f5 7. Nf3 Rb8 8. O-O b5
9. Ne2 c4 10. dxc4 bxc4 11. Kh1 fxe4 12. Qd5 exf3 13. Qxc6+ Qd7 14. Bxf3 Qxc6
15. Bxc6+ Kd8 16. c3 Nf6 17. Nd4 Ng4 18. Bd5 Bxd4 19. cxd4 Bb7 20. Bxb7 Rxb7
21. h3 Nf6 22. Kg2 Kd7 23. f5 gxf5 24. Rxf5 Ke6 25. Rf2 Rhb8 26. Kf3 Kd5 27.
Ke3 Rg8 28. Rf5+ Ke6 29. g4 h5 30. Kf3 hxg4+ 31. hxg4 Nxg4 32. Rg5 Nf6 33. d5+
Kf7 34. Rf5 Rg1 35. Kf2 Rd1 36. Rf4 Rc7 37. b4 cxb3 38. axb3 0-1

[Event "16. Obert Int. Sant Martí 2014 Grupo B"]
[Site "Barcelona ESP"]
[Date "2014.07.20"]
[Round "8.27"]
[White "Llopis Jordan, Lluis"]
[Black "Palacios Peña, Gerardo"]
[Result "1-0"]
[WhiteElo "1908"]
[BlackElo "1993"]
[PlyCount "73"]
[EventDate "2014.07.13"]
[EventType "swiss"]
[EventRounds "9"]
[EventCountry "ESP"]
[Source "lmi"]
[SourceDate "2014.07.13"]

1. c4 e5 2. Nc3 Nf6 3. g3 Bc5 4. Bg2 O-O 5. e3 Nc6 6. Nge2 d6 7. O-O Bg4 8. h3
Be6 9. d4 exd4 10. exd4 Bb6 11. d5 Bd7 12. dxc6 Bxc6 13. Nf4 Bxg2 14. Kxg2 Qd7
15. Qf3 Rab8 16. b3 Bd4 17. Bb2 Rfe8 18. Na4 Bxb2 19. Nxb2 b5 20. Rfe1 a5 21.
Nd5 Nxd5 22. Qxd5 a4 23. Nd3 bxc4 24. bxc4 c6 25. Qd4 h6 26. Rxe8+ Rxe8 27. Re1
Rxe1 28. Nxe1 Qe6 29. Nd3 Qe2 30. a3 Qa2 31. Qxd6 Qxc4 32. Ne5 Qe4+ 33. Kh2 Qf5
34. Qd8+ Kh7 35. Qd3 g6 36. Qxf5 gxf5 37. Nxc6 1-0

[Event "16. Obert Int. Sant Martí 2014 Grupo B"]
[Site "Barcelona ESP"]
[Date "2014.07.20"]
[Round "8.28"]
[White "Olive Oller, Guim"]
[Black "Clifford, Neil"]
[Result "1-0"]
[WhiteElo "1989"]
[BlackElo "1923"]
[PlyCount "65"]
[EventDate "2014.07.13"]
[EventType "swiss"]
[EventRounds "9"]
[EventCountry "ESP"]
[Source "lmi"]
[SourceDate "2014.07.13"]

1. d4 Nf6 2. c4 e6 3. Nc3 d5 4. Nf3 c5 5. cxd5 exd5 6. Bg5 cxd4 7. Nxd4 Be7 8.
e3 O-O 9. Be2 Nc6 10. O-O a6 11. a3 Bc5 12. Bxf6 Qxf6 13. Nxd5 Qe5 14. Nxc6
bxc6 15. Nc3 Bd6 16. g3 Bh3 17. Re1 Rad8 18. Qa4 h5 19. Qe4 Qg5 20. Qxc6 f5 21.
f4 Qg6 22. Bxa6 Kh8 23. Rad1 h4 24. Kf2 hxg3+ 25. hxg3 Rf6 26. Bf1 Bg4 27. Qh1+
Kg8 28. Bc4+ Kf8 29. Nd5 Bxd1 30. Qh8+ Kf7 31. Qxd8 Qg4 32. Nxf6+ Kg6 33. Nxg4
1-0

[Event "16. Obert Int. Sant Martí 2014 Grupo B"]
[Site "Barcelona ESP"]
[Date "2014.07.20"]
[Round "8.29"]
[White "Poyato Ruiz, Fernando"]
[Black "Collell Rodriguez, Victor"]
[Result "0-1"]
[WhiteElo "1968"]
[BlackElo "1911"]
[PlyCount "58"]
[EventDate "2014.07.13"]
[EventType "swiss"]
[EventRounds "9"]
[EventCountry "ESP"]
[Source "lmi"]
[SourceDate "2014.07.13"]

1. d4 Nf6 2. c4 c5 3. d5 b5 4. e3 bxc4 5. Bxc4 d6 6. Nf3 g6 7. Nc3 Bg7 8. O-O
O-O 9. e4 Nbd7 10. Bg5 Ng4 11. a3 Nge5 12. Nxe5 Nxe5 13. Ba2 Ba6 14. Re1 Nd3
15. Re3 Nxb2 16. Qc2 Nc4 17. Bxc4 Bxc4 18. Qa4 Be2 19. Rb1 Bg4 20. Rb7 f6 21.
Bh4 g5 22. Bg3 Rb8 23. Rxa7 f5 24. h3 f4 25. hxg4 fxe3 26. Ne2 exf2+ 27. Bxf2
Be5 28. Qc2 Rb2 29. Qd3 Qb8 0-1

[Event "16. Obert Int. Sant Martí 2014 Grupo B"]
[Site "Barcelona ESP"]
[Date "2014.07.20"]
[Round "8.31"]
[White "Sanz Ogaya, Mario"]
[Black "Garcia Punzano, Josep Lluis"]
[Result "1-0"]
[WhiteElo "1700"]
[BlackElo "1950"]
[PlyCount "98"]
[EventDate "2014.07.13"]
[EventType "swiss"]
[EventRounds "9"]
[EventCountry "ESP"]
[Source "lmi"]
[SourceDate "2014.07.13"]

1. e4 c5 2. Nf3 d6 3. c4 Nc6 4. d4 cxd4 5. Nxd4 Nf6 6. Nc3 g6 7. Be2 Bg7 8. Be3
O-O 9. O-O a6 10. b3 Ne5 11. f3 Qc7 12. Rc1 Bd7 13. Qd2 Nc6 14. Nd5 Qd8 15.
Nxc6 bxc6 16. Nxf6+ Bxf6 17. c5 Qc7 18. Rfd1 d5 19. exd5 cxd5 20. Qxd5 Be6 21.
Qe4 Bf5 22. Qc4 Bb2 23. b4 Bxc1 24. Rxc1 Be6 25. Qc2 Qe5 26. Bf2 Rfd8 27. a4
Bf5 28. Qa2 Qf4 29. Qc4 Qe5 30. Bf1 Rd2 31. Qc3 Qxc3 32. Rxc3 Rd1 33. Re3 Rad8
34. Re1 Kf8 35. Bxa6 Rxe1+ 36. Bxe1 Bd3 37. Bxd3 Rxd3 38. Kf2 Ra3 39. a5 Ra2+
40. Kf1 Ke8 41. b5 Rb2 42. b6 Rb5 43. c6 Kd8 44. b7 Kc7 45. Bg3+ e5 46. a6 Kxc6
47. Bxe5 f6 48. b8=Q fxe5 49. Qe8+ Kb6 1-0

[Event "16. Obert Int. Sant Martí 2014 Grupo B"]
[Site "Barcelona ESP"]
[Date "2014.07.20"]
[Round "8.32"]
[White "Fuentes Barrientos, Carlos"]
[Black "Castaño Jimenez, Andreu"]
[Result "0-1"]
[WhiteElo "1915"]
[BlackElo "1779"]
[PlyCount "180"]
[EventDate "2014.07.13"]
[EventType "swiss"]
[EventRounds "9"]
[EventCountry "ESP"]
[Source "lmi"]
[SourceDate "2014.07.13"]

1. e4 e5 2. Nf3 Nc6 3. Bb5 a6 4. Ba4 Nf6 5. O-O b5 6. Bb3 Be7 7. d4 exd4 8.
Nxd4 Nxd4 9. Qxd4 c5 10. Bxf7+ Kxf7 11. Qd3 Rf8 12. e5 Ne8 13. Qd5+ Kg6 14.
Qxa8 d5 15. Qc6+ Kf7 16. Nc3 Nc7 17. Rd1 Be6 18. Ne4 Ne8 19. Nxc5 Bxc5 20. Qxc5
Qh4 21. Be3 Qh5 22. Rd3 Qxe5 23. Bd4 Qg5 24. Rg3 Qh6 25. Re1 Kg8 26. h3 Bf7 27.
Qc3 Bg6 28. Re7 Kh8 29. Rge3 Rg8 30. Ra7 Nd6 31. Ree7 Nf5 32. Red7 Qc1+ 33. Kh2
Qf4+ 34. g3 Qxd4 35. Qxd4 Nxd4 36. Rxd5 Nxc2 37. Rd2 Ne1 38. Re2 Nf3+ 39. Kg2
Nd4 40. Re3 Nc2 41. Rc3 Nb4 42. a3 Nd5 43. Rc5 Rf8 44. Rxa6 Be4+ 45. Kg1 Re8
46. f4 h6 47. Ra7 Bf3 48. Kf2 Bh1 49. Rxb5 Nf6 50. Re5 Rd8 51. Ke2 Ne4 52. Rxe4
Bxe4 53. Ke3 Bg6 54. b4 Rd3+ 55. Kf2 Rb3 56. g4 Rxh3 57. f5 Bh7 58. Ra8+ Bg8
59. b5 Rb3 60. a4 Kh7 61. Ra7 Bd5 62. Rd7 Be4 63. Rd4 Bb7 64. Rd7 Bh1 65. Rd1
Bf3 66. Rd4 Bh1 67. Kg1 Ba8 68. Rd8 Bf3 69. Kf2 Bxg4 70. Rd5 Rf3+ 71. Kg2 Rxf5
72. Rd4 Bf3+ 73. Kg3 Bb7 74. Kg4 Bc8 75. Kg3 Rg5+ 76. Kf3 h5 77. Rd8 Bb7+ 78.
Ke3 Rg3+ 79. Kd2 Rg5 80. Ke3 Re5+ 81. Kf2 h4 82. Rd4 Re4 83. Rd7 Rf4+ 84. Kg1
Bc8 85. Rc7 Rg4+ 86. Kh2 Bf5 87. a5 h3 88. Rc3 Rg2+ 89. Kh1 Be4 90. Re3 Re2+
0-1

[Event "16. Obert Int. Sant Martí 2014 Grupo B"]
[Site "Barcelona ESP"]
[Date "2014.07.20"]
[Round "8.33"]
[White "Gomez Guinovart, Josep Manel"]
[Black "Navas Martin, Jordi"]
[Result "1/2-1/2"]
[WhiteElo "1873"]
[BlackElo "2024"]
[PlyCount "44"]
[EventDate "2014.07.13"]
[EventType "swiss"]
[EventRounds "9"]
[EventCountry "ESP"]
[Source "lmi"]
[SourceDate "2014.07.13"]

1. d4 Nf6 2. Nf3 g6 3. g3 Bg7 4. Bg2 O-O 5. O-O d6 6. c3 Nbd7 7. Nbd2 Rb8 8.
Qc2 c5 9. dxc5 Nxc5 10. Nd4 e5 11. N4b3 Bf5 12. Qd1 e4 13. Nc4 Nxb3 14. axb3 d5
15. Ne3 Be6 16. Rxa7 Qb6 17. Ra3 Rfd8 18. Nc2 Ng4 19. Nd4 Bc8 20. Bf4 Be5 21.
Bxe5 Nxe5 22. Qd2 Qf6 1/2-1/2

[Event "16. Obert Int. Sant Martí 2014 Grupo B"]
[Site "Barcelona ESP"]
[Date "2014.07.20"]
[Round "8.34"]
[White "Maltsev, Andrey"]
[Black "Pujal Moncho, Joaquim"]
[Result "1-0"]
[WhiteElo "1867"]
[BlackElo "1997"]
[PlyCount "109"]
[EventDate "2014.07.13"]
[EventType "swiss"]
[EventRounds "9"]
[EventCountry "ESP"]
[Source "lmi"]
[SourceDate "2014.07.13"]

1. g3 d5 2. Nf3 Nf6 3. Bg2 c6 4. O-O e6 5. d3 Bd6 6. Bg5 Nbd7 7. e4 h6 8. Bxf6
Qxf6 9. Nc3 d4 10. Nb1 e5 11. Nbd2 Nb6 12. c3 c5 13. cxd4 cxd4 14. Nb3 O-O 15.
Nfd2 Qe7 16. f4 f6 17. Nf3 Bg4 18. h3 Bxf3 19. Rxf3 Rac8 20. f5 Rc7 21. g4 Rfc8
22. Nd2 Rc2 23. Nc4 R2xc4 24. dxc4 Nxc4 25. Qb3 Kh7 26. Rf2 Ne3 27. Qd3 Qc7 28.
Re1 Bb4 29. Rb1 Qb6 30. a3 Be7 31. Bf3 Rc5 32. Bd1 Qc7 33. Bb3 Bd6 34. Qe2 Qb6
35. Be6 Rc2 36. Qd3 Rc7 37. h4 Nxg4 38. Qg3 h5 39. Rg2 d3+ 40. Kh1 Qd4 41. Rd1
Qxe4 42. Bb3 Qe3 43. Rxd3 Rc1+ 44. Bd1 Qxg3 45. Rgxg3 Nf2+ 46. Kg2 Nxd3 47.
Rxd3 Bc5 48. Rd7 Bd4 49. Bxh5 Rc2+ 50. Kg3 Rxb2 51. Bg6+ Kh6 52. Rd8 Bf2+ 53.
Kf3 Bxh4 54. Rh8+ Kg5 55. Rh5# 1-0

[Event "16. Obert Int. Sant Martí 2014 Grupo B"]
[Site "Barcelona ESP"]
[Date "2014.07.20"]
[Round "8.35"]
[White "Martinez Torras, Pol"]
[Black "Torres Julian, Marc"]
[Result "0-1"]
[WhiteElo "1849"]
[BlackElo "1959"]
[PlyCount "96"]
[EventDate "2014.07.13"]
[EventType "swiss"]
[EventRounds "9"]
[EventCountry "ESP"]
[Source "lmi"]
[SourceDate "2014.07.13"]

1. d4 Nf6 2. Nf3 c5 3. c3 cxd4 4. cxd4 g6 5. Nc3 Bg7 6. g3 d6 7. Bg2 O-O 8. O-O
Nbd7 9. Re1 Nb6 10. b3 Nbd5 11. Nxd5 Nxd5 12. Bb2 Bd7 13. e4 Nb4 14. a3 Nc6 15.
Qd3 Qb6 16. Rad1 Rac8 17. Nd2 Nxd4 18. Nc4 Qxb3 19. Bxd4 Qxc4 20. Qxc4 Rxc4 21.
Bxg7 Kxg7 22. Rc1 Rfc8 23. Rxc4 Rxc4 24. e5 dxe5 25. Bxb7 f6 26. Rd1 Rd4 27.
Rc1 Bh3 28. Bg2 Bxg2 29. Kxg2 Kf7 30. Rc7 Ra4 31. Rc3 e4 32. Kf1 f5 33. Ke2 Kf6
34. Kd2 g5 35. Kc2 h6 36. Kb3 Rd4 37. Rc7 a6 38. Rc6+ Rd6 39. Rxd6+ exd6 40.
Kb4 Ke5 41. Ka5 d5 42. Kxa6 d4 43. a4 d3 44. a5 d2 45. Kb7 d1=Q 46. a6 Qd5+ 47.
Kb8 Kd4 48. a7 Kd3 0-1

[Event "16. Obert Int. Sant Martí 2014 Grupo B"]
[Site "Barcelona ESP"]
[Date "2014.07.20"]
[Round "8.36"]
[White "Ferre Navarro, Joan"]
[Black "Pallares Gurrea, Aitor Alexander"]
[Result "0-1"]
[WhiteElo "1846"]
[BlackElo "1956"]
[PlyCount "56"]
[EventDate "2014.07.13"]
[EventType "swiss"]
[EventRounds "9"]
[EventCountry "ESP"]
[Source "lmi"]
[SourceDate "2014.07.13"]

1. d4 Nf6 2. c4 g6 3. Nc3 Bg7 4. g3 O-O 5. Bg2 d6 6. Nf3 Nbd7 7. O-O e5 8. dxe5
dxe5 9. e4 c6 10. b3 Qc7 11. Bb2 Nc5 12. Qc2 Re8 13. Rad1 Bg4 14. Rd2 Ne6 15.
Ne2 Nc5 16. Nc3 Rad8 17. Rfd1 Bxf3 18. Bxf3 Ne6 19. Ne2 Rxd2 20. Rxd2 c5 21.
Nc3 Nd4 22. Qd1 Rd8 23. Bg2 Qd7 24. Nd5 Nxd5 25. exd5 f5 26. f3 Bh6 27. Rd3 Re8
28. Bc1 Bxc1 0-1

[Event "16. Obert Int. Sant Martí 2014 Grupo B"]
[Site "Barcelona ESP"]
[Date "2014.07.20"]
[Round "8.37"]
[White "Rey Plaza, Sergio"]
[Black "Albert Estebanez, Carlos"]
[Result "1/2-1/2"]
[WhiteElo "1831"]
[BlackElo "1890"]
[PlyCount "117"]
[EventDate "2014.07.13"]
[EventType "swiss"]
[EventRounds "9"]
[EventCountry "ESP"]
[Source "lmi"]
[SourceDate "2014.07.13"]

1. e4 c5 2. Nc3 Nc6 3. g3 e6 4. Bg2 Nge7 5. Nf3 g6 6. O-O Bg7 7. d3 O-O 8. Be3
Nd4 9. Rb1 Nec6 10. Ne1 b5 11. Ne2 d5 12. c3 Nxe2+ 13. Qxe2 d4 14. Bd2 dxc3 15.
bxc3 Rb8 16. f4 b4 17. c4 Nd4 18. Qg4 a5 19. Qh3 a4 20. g4 f5 21. exf5 exf5 22.
Bd5+ Kh8 23. g5 Bb7 24. Bxb7 Rxb7 25. Ng2 Re7 26. Rbe1 Rfe8 27. Nh4 Qd6 28. Qg2
Qc6 29. Qxc6 Nxc6 30. Nf3 Rxe1 31. Bxe1 Re3 32. Ne5 Nxe5 33. fxe5 Rxe5 34. d4
cxd4 35. Bxb4 Re8 36. a3 Rc8 37. c5 d3 38. Rd1 Bd4+ 39. Kf1 Bxc5 40. Bxc5 Rxc5
41. Rxd3 Rc1+ 42. Kg2 Rc7 43. Rd4 Ra7 44. Kg3 Kg7 45. Kf4 h6 46. gxh6+ Kxh6 47.
Ke5 Kg7 48. Kf4 Kh6 49. h4 Kh5 50. Kg3 g5 51. hxg5 Kxg5 52. Kf3 Ra5 53. Rb4 Ra6
54. Rc4 Ra8 55. Rb4 Rc8 56. Rxa4 Rc3+ 57. Kf2 f4 58. Ra8 Kf5 59. Rf8+ 1/2-1/2

[Event "16. Obert Int. Sant Martí 2014 Grupo B"]
[Site "Barcelona ESP"]
[Date "2014.07.20"]
[Round "8.38"]
[White "Brandt, Stefan"]
[Black "Bernat Pascual, Magí"]
[Result "1-0"]
[WhiteElo "1889"]
[BlackElo "1869"]
[PlyCount "59"]
[EventDate "2014.07.13"]
[EventType "swiss"]
[EventRounds "9"]
[EventCountry "ESP"]
[Source "lmi"]
[SourceDate "2014.07.13"]

1. e4 c6 2. d4 d5 3. e5 Bf5 4. c4 e6 5. Nc3 Nd7 6. Nge2 dxc4 7. Ng3 Ne7 8. Bxc4
Nb6 9. Bb3 Bg6 10. O-O Ned5 11. f4 Be7 12. f5 exf5 13. Nxf5 O-O 14. Qg4 Qd7 15.
Nxd5 Nxd5 16. Nh6+ Kh8 17. Qxd7 Rfd8 18. Nxf7+ Bxf7 19. Qg4 Bg6 20. Bxd5 Rxd5
21. Be3 Re8 22. Rf4 Rdd8 23. h4 Bd3 24. Rf7 Bg6 25. Rxe7 Rxe7 26. Bg5 Ree8 27.
Bxd8 Rxd8 28. Rf1 Bd3 29. Rf7 Bg6 30. Rxb7 1-0